LEADER 00934nam a2200265 i 4500 001 991003135939707536 005 20020503183940.0 008 950308s1983 it ||| | ita 020 $a8820414678 035 $ab10463537-39ule_inst 035 $aEXGIL115746$9ExL 040 $aDip.to Filol. Ling. e Lett.$bita 100 1 $aKess, Joseph F.$0172783 245 10$aIntroduzione alla psicolinguistica /$cIoseph F. Kess 250 $a2. ed 260 $aMilano :$bF. Angeli,$c1983 300 $a270 p. ;$c22 cm. 650 4$aPsicolinguistica 740 0 $aPsycholinguistics. Introductory Prospectives 907 $a.b10463537$b21-09-06$c27-06-02 912 $a991003135939707536 945 $aLE008 FL.M. GL. D 225$g1$i2008000489816$lle008$o-$pE0.00$q-$rl$s- $t0$u0$v0$w0$x0$y.i10536292$z27-06-02 996 $aIntroduzione alla psicolinguistica$9222155 997 $aUNISALENTO 998 $ale008$b01-01-95$cm$da $e-$fita$git $h0$i1